Disney World Rides by Picture Quiz Stats

Quiz not verified by Sporcle

Also try: Superhero Surnames
Challenge
Share
Tweet
Score 0/16 Timer 05:00
0 Plays Today
% Correct
Space Mountain
98.5%
Splash Mountain
88.8%
Twilight Zone: Tower of Terror
86.8%
it's a small world
85.7%
Pirates of the Caribbean
85.1%
Jungle Cruise
83%
Walt Disney World Monorail
81%
Tomorrowland Transit Authority
80.4%
% Correct
Dinosaur
77.8%
Test Track
75.9%
Kilimanjaro Safaris
74.2%
Expedition Everest
71.6%
Star Tours: The Adventure Continues
67.7%
Spaceship Earth
62.8%
Livin' with the Land
60.4%
Universe of Energy
57%

You're not logged in!

Compare scores with friends on all Sporcle quizzes.
Sign Up with Email
OR
Log In

You Might Also Like...

Show Comments

Extras

Top Quizzes Today


Score Distribution

Your Account Isn't Verified!

In order to create a playlist on Sporcle, you need to verify the email address you used during registration. Go to your Sporcle Settings to finish the process.